000 00191nam a2200085Ia 4500
008 170620s9999 xx 000 0 und d
100 _aKAPOOR-S.K
245 0 _aCONTRACT- II
260 _bCENTRAL LAW AGENCY
260 _c2016
999 _c30505
_d30505